[Event "7. LGA Premium Cup"]
[Site "Nürnberg"]
[Date "2010.09.03"]
[Round "3.74"]
[White "Weissbeck, Wolf-Dieter"]
[Black "Nöckler, Alexander"]
[Result "0-1"]
[WhiteElo "1708"]
[BlackElo "2003"]
[PlyCount "80"]
[EventDate "2010.??.??"]
[WhiteTeam "SV Alsfeld"]
[BlackTeam "Schachklub Weiden 1907"]

1. e4 c5 2. Nf3 d6 3. Bc4 Nf6 4. d3 a6 5. Ng5 e6 6. Nc3 Be7 7. f4 Nc6 8. f5 d5
9. fxe6 fxe6 10. exd5 exd5 11. Bb3 Bg4 12. Nf3 Nd4 13. Bg5 Bxf3 14. gxf3 O-O
15. Bxf6 Nxb3 16. Bxg7 Nxa1 17. Bxf8 Bxf8 18. Rg1+ Bg7 19. Qxa1 Qh4+ 20. Kf1
Qh3+ 21. Rg2 Rf8 22. Qe1 Qxf3+ 23. Kg1 Kh8 24. Rxg7 Kxg7 25. Qg3+ Qxg3+ 26.
hxg3 Rf5 27. Kg2 Kf6 28. Ne2 Ke5 29. c3 Rf6 30. b3 b5 31. Ng1 b4 32. cxb4 cxb4
33. Nf3+ Rxf3 34. Kxf3 Kd4 35. Kg4 Kxd3 36. Kh5 d4 37. g4 Ke2 38. g5 d3 39. Kh6
d2 40. Kxh7 d1=Q 0-1

[Event "7. LGA Premium Cup"]
[Site "Nürnberg"]
[Date "2010.09.03"]
[Round "3.75"]
[White "Zeug, Klaus-Peter"]
[Black "Süß, Helmut"]
[Result "0-1"]
[WhiteElo "1440"]
[BlackElo "1989"]
[PlyCount "62"]
[EventDate "2010.??.??"]
[WhiteTeam "SK Nürnberg 1911 e.V."]
[BlackTeam "SC Noris-Tarrasch Nürnberg 1873"]

1. e4 c6 2. d4 d5 3. e5 Bf5 4. Nf3 e6 5. Be2 Nd7 6. O-O h6 7. c4 dxc4 8. Bxc4
Nb6 9. Be2 Ne7 10. Nc3 Ned5 11. Nxd5 Nxd5 12. a3 Be7 13. Bd2 O-O 14. Qb3 Qb6
15. Qxb6 axb6 16. Rfc1 b5 17. b4 Ra7 18. Ne1 Rfa8 19. Bd3 Rxa3 20. Rxa3 Rxa3
21. Bxf5 exf5 22. Rb1 Ra2 23. Nf3 g5 24. Be1 g4 25. Nd2 Bxb4 26. Nb3 Bxe1 27.
Rxe1 Ra3 28. Nc5 b6 29. Nd7 b4 30. g3 b3 31. Rb1 Nc3 0-1

[Event "7. LGA Premium Cup"]
[Site "Nürnberg"]
[Date "2010.09.03"]
[Round "3.76"]
[White "Dreiseitel, Werner"]
[Black "Willim, Michael"]
[Result "0-1"]
[WhiteElo "1487"]
[BlackElo "2134"]
[PlyCount "113"]
[EventDate "2010.??.??"]
[WhiteTeam "SC Noris-Tarrasch Nürnberg 1873"]
[BlackTeam "SC Erlangen 48/88"]

1. d4 Nf6 2. c4 e5 3. dxe5 Ng4 4. Nf3 Bc5 5. e3 Nc6 6. Be2 Ngxe5 7. Nbd2 O-O 8.
Nxe5 Nxe5 9. Nf3 d6 10. Nxe5 dxe5 11. Qxd8 Rxd8 12. Bd2 Bf5 13. O-O-O Be4 14.
f3 Bg6 15. e4 Bd4 16. Kc2 f6 17. Bc3 c5 18. h3 Bf7 19. b3 Kf8 20. Rd2 Ke7 21.
Rhd1 g5 22. g4 h5 23. Bf1 Bg6 24. Bd3 hxg4 25. hxg4 Rh8 26. Bf1 Bf7 27. Re2 a6
28. Red2 Rab8 29. Bg2 b5 30. cxb5 axb5 31. Bf1 b4 32. Bb2 Ra8 33. Kb1 Be6 34.
Rc2 Rh1 35. Be2 Rh3 36. Rf1 Kd6 37. Bd1 Rc8 38. Be2 Rh2 39. Bc1 Ra8 40. Bd1
Rxc2 41. Bxc2 c4 42. Rh1 cxb3 43. Bxb3 Bxb3 44. axb3 Ra1+ 45. Kc2 Ra2+ 46. Kd3
Rf2 47. Rh3 Kc5 48. Bd2 Kb5 49. Be3 Bxe3 50. Kxe3 Rb2 51. Rh6 Rxb3+ 52. Ke2 Rc3
53. Rxf6 b3 54. Rf5 b2 55. Rxe5+ Kc4 56. Rxg5 b1=Q 57. Rf5 0-1

[Event "7. LGA Premium Cup"]
[Site "Nürnberg"]
[Date "2010.09.03"]
[Round "3.77"]
[White "Mihok, Laszlo"]
[Black "Strobl, Helmut"]
[Result "1-0"]
[WhiteElo "2151"]
[BlackElo "1789"]
[PlyCount "43"]
[EventDate "2010.??.??"]
[WhiteTeam "SK Tempelhof 1931 e.V."]
[BlackTeam "SK Mering"]

1. d4 d5 2. c4 c6 3. Nf3 Nf6 4. Nbd2 Bf5 5. Nh4 Bg6 6. Nxg6 hxg6 7. g3 dxc4 8.
Nf3 e6 9. Bg2 Bb4+ 10. Kf1 b5 11. a4 Nbd7 12. Bf4 Nd5 13. Bg5 f6 14. axb5 cxb5
15. Qc2 Kf7 16. h4 fxg5 17. Nxg5+ Kg8 18. Nxe6 Ne3+ 19. fxe3 Qf6+ 20. Nf4 Rf8
21. Bd5+ Kh7 22. h5 1-0

[Event "7. LGA Premium Cup"]
[Site "Nürnberg"]
[Date "2010.09.03"]
[Round "3.78"]
[White "Bauer, Manfred"]
[Black "Rösch, Mario"]
[Result "1/2-1/2"]
[WhiteElo "2148"]
[BlackElo "1775"]
[PlyCount "87"]
[EventDate "2010.??.??"]
[WhiteTeam "SK Schmiden/Cannstatt"]
[BlackTeam "SK Freiburg Zähringen 1887 e.V."]

1. e4 c6 2. d3 d5 3. Nd2 e5 4. Ngf3 Bd6 5. Be2 Bg4 6. c3 Nf6 7. O-O Qc7 8. Re1
Nbd7 9. Qc2 O-O 10. Nf1 Rfe8 11. h3 Bxf3 12. Bxf3 Bf8 13. g4 dxe4 14. dxe4 Nc5
15. Bg5 Nfd7 16. Rad1 Ne6 17. Be3 Nf4 18. Kh2 Nc5 19. Ng3 Nce6 20. Be2 g6 21.
f3 Bc5 22. Bxc5 Nxc5 23. Bf1 Rad8 24. b4 Nce6 25. Ne2 Nxe2 26. Rxe2 Rxd1 27.
Qxd1 Rd8 28. Rd2 Rxd2+ 29. Qxd2 Qb6 30. a4 g5 31. a5 Qd8 32. Qxd8+ Nxd8 33. Bc4
Ne6 34. Kg3 Kf8 35. h4 h6 36. hxg5 hxg5 37. Bxe6 fxe6 38. Kf2 b5 39. axb6 axb6
40. Ke3 Ke7 41. Kd3 Kd6 42. Kc4 b5+ 43. Kd3 c5 44. Kd2 1/2-1/2

[Event "7. LGA Premium Cup"]
[Site "Nürnberg"]
[Date "2010.09.03"]
[Round "3.79"]
[White "Grasser, Stefan"]
[Black "Karasek, Christian"]
[Result "*"]
[WhiteElo "1800"]
[BlackElo "2063"]
[PlyCount "51"]
[EventDate "2010.??.??"]
[WhiteTeam "SV Hellern"]

1. c4 Nf6 2. Nc3 e6 3. e4 d5 4. e5 Nfd7 5. d4 dxc4 6. Bxc4 Nb6 7. Bb3 Nd5 8.
Nf3 Be7 9. O-O b6 10. Nxd5 exd5 11. Re1 Be6 12. Be3 c5 13. Rc1 c4 14. Ba4+ Bd7
15. Bxd7+ Qxd7 16. Bg5 O-O 17. Bxe7 Qxe7 18. Re3 b5 19. Ne1 a5 20. f4 f6 21. e6
f5 22. Re5 Nc6 23. Rxd5 Qxe6 24. Qf3 Rfd8 25. Re5 Nxe5 26. dxe5 *

[Event "7. LGA Premium Cup"]
[Site "Nürnberg"]
[Date "2010.09.03"]
[Round "3.93"]
[White "Homfeldt, Maren"]
[Black "Hirschmann, Jakob"]
[Result "0-1"]
[WhiteElo "785"]
[BlackElo "1805"]
[PlyCount "24"]
[EventDate "2010.??.??"]
[WhiteTeam "SC Noris-Tarrasch Nürnberg 1873"]
[BlackTeam "SG Reil-Kinheim"]

1. d4 e6 2. e3 Nf6 3. f4 d5 4. c3 Ne4 5. Qe2 Qh4+ 6. g3 Nxg3 7. Qg2 Nxh1+ 8.
Ke2 Bd7 9. Kf3 Qh5+ 10. Qg4 Qxh2 11. Nh3 e5 12. f5 e4+ 0-1

[Event "7. LGA Premium Cup"]
[Site "Nürnberg"]
[Date "2010.09.04"]
[Round "4.1"]
[White "Bluvshtein, Mark"]
[Black "Zaragatski, Ilja"]
[Result "1-0"]
[WhiteElo "2583"]
[BlackElo "2490"]
[PlyCount "127"]
[EventDate "2010.??.??"]
[WhiteTeam "Canada"]
[BlackTeam "Sportfreunde Katernberg 1913 e.V"]
[WhiteTeamCountry "CAN"]

1. d4 Nf6 2. c4 c5 3. d5 b5 4. cxb5 a6 5. bxa6 g6 6. Nc3 Bxa6 7. Nf3 d6 8. g3
Bg7 9. Bg2 Nbd7 10. Rb1 O-O 11. O-O Ne8 12. Re1 Bc4 13. a4 Nb6 14. e4 Bxc3 15.
bxc3 Nxa4 16. Ra1 Nxc3 17. Rxa8 Qxa8 18. Qc2 Ne2+ 19. Rxe2 Bxe2 20. Qxe2 Qa1
21. Qc2 Nf6 22. Nd2 Ra8 23. Bf1 Qa4 24. Qxa4 Rxa4 25. f3 Nd7 26. Nc4 f6 27. f4
Ra2 28. Be3 Kf7 29. h4 Rc2 30. Bf2 Rc1 31. Kg2 Rb1 32. g4 Nb6 33. Nxb6 Rxb6 34.
Kf3 h6 35. Be3 Rb1 36. Be2 Rh1 37. Bf2 Ra1 38. e5 Ra3+ 39. Be3 Kg7 40. e6 Ra4
41. Bb5 Ra3 42. g5 hxg5 43. fxg5 fxg5 44. hxg5 Kf8 45. Ke2 Ra2+ 46. Bd2 Ra3 47.
Bd3 Kg7 48. Be4 Kh7 49. Bc1 Ra2+ 50. Kd3 Kg7 51. Bd2 Kh7 52. Bc3 Ra3 53. Kc2
Ra4 54. Bd3 Rg4 55. Bf6 c4 56. Be2 Re4 57. Bxe7 Rxe2+ 58. Kc3 Re5 59. Kxc4 Kg8
60. Kd4 Rf5 61. Bxd6 Rxg5 62. Be7 Rg1 63. d6 Re1 64. d7 1-0

[Event "7. LGA Premium Cup"]
[Site "Nürnberg"]
[Date "2010.09.04"]
[Round "4.2"]
[White "Ginsburg, Gennadi"]
[Black "Ftacnik, Lubomir"]
[Result "1/2-1/2"]
[WhiteElo "2526"]
[BlackElo "2568"]
[PlyCount "58"]
[EventDate "2010.??.??"]
[WhiteTeam "SV 1920 Hofheim"]
[BlackTeam "Hamburger SK von 1830 eV"]

1. d4 Nf6 2. Nf3 g6 3. c4 Bg7 4. e3 O-O 5. Be2 d5 6. cxd5 Nxd5 7. O-O c5 8. e4
Nf6 9. e5 Nd5 10. dxc5 Nc6 11. Bc4 e6 12. Qe2 Qa5 13. a3 Qxc5 14. b4 Qe7 15.
Bb2 a6 16. Nbd2 b5 17. Bxd5 exd5 18. Rac1 Bd7 19. Nb3 Rfc8 20. Rfe1 Bg4 21. h3
Bxf3 22. Qxf3 Nxe5 23. Qxd5 Qd7 24. Qxd7 Nxd7 25. Bxg7 Kxg7 26. Rcd1 Rc3 27.
Rxd7 Rxb3 28. Ree7 Rf8 29. Re3 Rxe3 1/2-1/2

[Event "7. LGA Premium Cup"]
[Site "Nürnberg"]
[Date "2010.09.04"]
[Round "4.3"]
[White "Boguslavskyy, Oleg"]
[Black "Baramidze, David"]
[Result "1/2-1/2"]
[WhiteElo "2485"]
[BlackElo "2542"]
[PlyCount "81"]
[EventDate "2010.??.??"]
[WhiteTeam "SV Hockenheim"]
[BlackTeam "Hamburger SK von 1830 eV"]

1. e4 e5 2. Nf3 Nc6 3. Bb5 a6 4. Ba4 Nf6 5. O-O Be7 6. Re1 b5 7. Bb3 d6 8. c3
O-O 9. d4 Bg4 10. Be3 Qd7 11. Nbd2 exd4 12. cxd4 d5 13. e5 Ne4 14. a3 f5 15.
exf6 Nxd2 16. Qxd2 Bxf3 17. fxe7 Qg4 18. Bxd5+ Bxd5 19. exf8=Q+ Rxf8 20. f4 Ne7
21. h3 Qg6 22. Kh2 Nf5 23. Qf2 h5 24. Bd2 c6 25. Re5 Rf6 26. Rae1 Qf7 27. Rxf5
Rxf5 28. Qg3 Rf6 29. Re5 Rg6 30. Rg5 Be4 31. Rxg6 Qxg6 32. Qxg6 Bxg6 33. g4
hxg4 34. hxg4 Bc2 35. Kg3 g6 36. Kh4 Kf7 37. Kg5 Ke6 38. Ba5 Bd3 39. Bc7 Bc2
40. Bb6 Bd3 41. Bc7 1/2-1/2

[Event "7. LGA Premium Cup"]
[Site "Nürnberg"]
[Date "2010.09.04"]
[Round "4.4"]
[White "Renner, Christoph"]
[Black "Braun, Arik"]
[Result "1-0"]
[WhiteElo "2420"]
[BlackElo "2538"]
[PlyCount "49"]
[EventDate "2010.??.??"]
[WhiteTeam "FC Bayern München e.V."]
[BlackTeam "SC Eppingen"]

1. d4 Nf6 2. Nf3 d5 3. c4 dxc4 4. e3 e6 5. Bxc4 a6 6. O-O Nbd7 7. a4 b6 8. Nc3
Bb7 9. e4 Nxe4 10. Nxe4 Bxe4 11. Ng5 Nf6 12. Nxe4 Nxe4 13. Qf3 Nf6 14. Qc6+ Nd7
15. Bg5 Be7 16. Bxe7 Kxe7 17. Rfe1 Qb8 18. Bxe6 fxe6 19. Rxe6+ Kd8 20. Rae1 Rf8
21. Re7 Nf6 22. Rxg7 Qc8 23. Ree7 Ra7 24. h3 Qf5 25. Rxc7 1-0

[Event "7. LGA Premium Cup"]
[Site "Nürnberg"]
[Date "2010.09.04"]
[Round "4.5"]
[White "Kunin, Vitaly"]
[Black "Gutman, Lev"]
[Result "1-0"]
[WhiteElo "2538"]
[BlackElo "2419"]
[PlyCount "55"]
[EventDate "2010.??.??"]
[WhiteTeam "Freibauer Mörlenbach-Birkenau"]
[BlackTeam "SC Melle 03"]

1. d4 Nf6 2. c4 g6 3. Nc3 d5 4. cxd5 Nxd5 5. Bd2 c6 6. e4 Nc7 7. Be3 Bg7 8. Qd2
O-O 9. O-O-O b5 10. Bh6 Ne6 11. Nf3 Qa5 12. Kb1 b4 13. Ne2 Nd7 14. Ng3 Nf6 15.
Bc4 Bxh6 16. Qxh6 Ng4 17. Qd2 Kg7 18. d5 cxd5 19. exd5 Nc5 20. Rhe1 Re8 21. Nd4
Bd7 22. Qg5 Kf8 23. h3 Nf6 24. d6 Ng8 25. dxe7+ Rxe7 26. Rxe7 Nxe7 27. Re1 Ng8
28. Qd5 1-0

[Event "7. LGA Premium Cup"]
[Site "Nürnberg"]
[Date "2010.09.04"]
[Round "4.6"]
[White "Köpke, Christian"]
[Black "Bromberger, Stefan"]
[Result "1/2-1/2"]
[WhiteElo "2358"]
[BlackElo "2530"]
[PlyCount "50"]
[EventDate "2010.??.??"]
[WhiteTeam "SC Tarrasch 45 München"]
[BlackTeam "FC Bayern München e.V."]

1. e4 c5 2. Nf3 d6 3. d4 cxd4 4. Nxd4 Nf6 5. Nc3 a6 6. Be3 e5 7. Nb3 Be6 8. Qd2
Nbd7 9. O-O-O Be7 10. f3 O-O 11. g4 b5 12. Rg1 Nb6 13. g5 Nfd7 14. f4 exf4 15.
Bxf4 Ne5 16. Qg2 Qc7 17. Nd4 Rac8 18. Bxe5 dxe5 19. g6 Bf6 20. Nxe6 fxe6 21.
Qh3 h6 22. Qxe6+ Kh8 23. Qd6 Bg5+ 24. Kb1 Qxd6 25. Rxd6 Be3 1/2-1/2

[Event "7. LGA Premium Cup"]
[Site "Nürnberg"]
[Date "2010.09.04"]
[Round "4.7"]
[White "Buhmann, Rainer"]
[Black "Lechtynsky, Jiri"]
[Result "1-0"]
[WhiteElo "2563"]
[BlackElo "2380"]
[PlyCount "91"]
[EventDate "2010.??.??"]
[WhiteTeam "SV Hockenheim"]
[BlackTeam "SC Hoyerswerda"]

1. Nf3 Nf6 2. c4 g6 3. Nc3 Bg7 4. e4 c5 5. d4 cxd4 6. Nxd4 d6 7. Be2 Nc6 8. Be3
O-O 9. O-O Bd7 10. Nb3 b6 11. f3 Be6 12. Rc1 Nd7 13. Qd2 Nc5 14. Na1 a5 15. Nc2
a4 16. Rfd1 Ra5 17. Bf1 Qb8 18. Rb1 f5 19. exf5 Bxf5 20. Rbc1 Rf7 21. Re1 Ne5
22. Nd4 Bd3 23. Nc6 Nxc6 24. Bxd3 Nxd3 25. Qxd3 Ne5 26. Qe2 Qb7 27. Ne4 h6 28.
Kh1 Ra8 29. Ng3 Raf8 30. f4 Rxf4 31. Bxf4 Rxf4 32. Rf1 Rh4 33. b3 Ng4 34. Rf4
h5 35. Qe6+ Kh7 36. Nf1 axb3 37. axb3 Kh6 38. Re1 Be5 39. Rxe5 dxe5 40. Rf7 Rh3
41. Kg1 Rxb3 42. h4 Qe4 43. Qc8 Qd4+ 44. Kh1 Nf2+ 45. Rxf2 Qxh4+ 46. Kg1 1-0

[Event "7. LGA Premium Cup"]
[Site "Nürnberg"]
[Date "2010.09.04"]
[Round "4.8"]
[White "Bischoff, Klaus"]
[Black "Donchenko, Anatoly"]
[Result "1/2-1/2"]
[WhiteElo "2553"]
[BlackElo "2363"]
[PlyCount "116"]
[EventDate "2010.??.??"]
[WhiteTeam "Sportfreunde Katernberg 1913 e.V"]
[BlackTeam "SK 1858 Gießen"]

1. g3 g6 2. Bg2 Bg7 3. e4 c5 4. d3 Nc6 5. f4 d6 6. Nf3 Bg4 7. c3 e6 8. O-O Nge7
9. Nbd2 O-O 10. h3 Bxf3 11. Nxf3 b5 12. a3 a5 13. Be3 b4 14. Qc2 Qb6 15. a4
Rab8 16. Rab1 Rfd8 17. Bf2 Rbc8 18. Nd2 Qc7 19. Rfe1 Rb8 20. Nf3 Re8 21. g4 Rb7
22. Nd2 Reb8 23. Nb3 bxc3 24. bxc3 Rc8 25. Nd2 Rcb8 26. Rxb7 Rxb7 27. Rb1 Rxb1+
28. Nxb1 h6 29. Na3 d5 30. e5 g5 31. Nb5 Qb8 32. Bxc5 Ng6 33. Bd6 Qb6+ 34. Qf2
Qxf2+ 35. Kxf2 Nxf4 36. d4 Nxg2 37. Kxg2 f6 38. exf6 Bxf6 39. Kf3 Kf7 40. Ke3
Ke8 41. Bg3 Kd7 42. Nd6 Be7 43. Nf7 Ke8 44. Ne5 Nd8 45. Ng6 Bf6 46. Bc7 Nc6 47.
Ne5 Bd8 48. Bd6 Ne7 49. Kd3 Nc8 50. Bc5 Nb6 51. Bxb6 Bxb6 52. c4 Bc7 53. cxd5
exd5 54. Nf3 Bf4 55. Ng1 Kd7 56. Ne2 Bc7 57. Ke3 Ke6 58. Nc3 Bd8 1/2-1/2

[Event "7. LGA Premium Cup"]
[Site "Nürnberg"]
[Date "2010.09.04"]
[Round "4.9"]
[White "Bindrich, Falko"]
[Black "Troyke, Christian"]
[Result "0-1"]
[WhiteElo "2507"]
[BlackElo "2359"]
[PlyCount "65"]
[EventDate "2010.??.??"]
[WhiteTeam "SC Eppingen"]
[BlackTeam "Erfurter Schachklub"]

1. d4 Nf6 2. Nf3 g6 3. Bg5 Bg7 4. Nbd2 c5 5. e3 cxd4 6. exd4 O-O 7. Bd3 d6 8.
O-O Nc6 9. c3 h6 10. Bh4 Bd7 11. Re1 Rb8 12. a4 Qc7 13. h3 e5 14. Nc4 Rfe8 15.
Bg3 Nh5 16. Bh2 Nf4 17. Bf1 g5 18. dxe5 Nxe5 19. Bxf4 Nxc4 20. Bxc4 Rxe1+ 21.
Qxe1 Qxc4 22. Bxd6 Re8 23. Qd1 Bc6 24. Bb4 g4 25. hxg4 Qxg4 26. Qd3 {(=)} Re6
27. Qd8+ Kh7 28. Nh4 Bf6 29. Qd3+ Be4 30. Qd7 Bxh4 31. f3 Qf4 32. Qd4 Bf6 33.
Qxa7 0-1

[Event "7. LGA Premium Cup"]
[Site "Nürnberg"]
[Date "2010.09.04"]
[Round "4.10"]
[White "Seifert, Volker"]
[Black "Prusikin, Michael"]
[Result "0-1"]
[WhiteElo "2332"]
[BlackElo "2522"]
[PlyCount "88"]
[EventDate "2010.??.??"]
[WhiteTeam "USV TU Dresden"]
[BlackTeam "SC Forchheim e.V."]

1. d4 d6 2. e4 Nf6 3. f3 d5 4. e5 Nfd7 5. c4 e6 6. cxd5 exd5 7. Nc3 c5 8. Bb5
Nc6 9. Nge2 cxd4 10. Bxc6 bxc6 11. Nxd4 Nxe5 12. O-O Bd6 13. f4 Ng4 14. h3 Nh6
15. f5 Bc5 16. Re1+ Kf8 17. Bxh6 gxh6 18. Na4 Bb6 {(=)} 19. Nxb6 Qxb6 20. Qd2
Bxf5 21. Kh1 Bg6 22. Qxh6+ Kg8 23. Rad1 c5 24. Nf3 Be4 25. Qg5+ Qg6 26. Qe5 h6
27. Rf1 Rh7 28. Qe7 Rg7 29. Rd2 Qg3 30. Qe5 Bxf3 31. Qxg3 Rxg3 32. Rxf3 Rxf3
33. gxf3 Rd8 34. Kg2 Kg7 35. Kf2 Kf6 36. Ke3 Re8+ 37. Kd3 Re1 38. Rg2 Rf1 39.
Ke3 Re1+ 40. Kd3 Rf1 41. Ke3 Ke6 42. Rg8 d4+ 43. Ke2 Rb1 44. Rb8 c4 0-1

[Event "7. LGA Premium Cup"]
[Site "Nürnberg"]
[Date "2010.09.04"]
[Round "4.11"]
[White "Hoffmann, Michael"]
[Black "Rotstein, Jefim"]
[Result "1-0"]
[WhiteElo "2510"]
[BlackElo "2310"]
[PlyCount "51"]
[EventDate "2010.??.??"]
[WhiteTeam "Schachgesellschaft Solingen e.V."]
[BlackTeam "Ford-Schachfreunde Köln e.V."]

1. e4 c5 2. Nf3 d6 3. d4 cxd4 4. Nxd4 Nf6 5. Nc3 Nc6 6. Bg5 Bd7 7. f4 Rc8 8.
Qd2 Nxd4 9. Qxd4 Qa5 10. e5 dxe5 11. fxe5 e6 12. O-O-O Bc6 13. Nb5 Bxb5 14.
exf6 Bc6 15. h4 Rg8 16. Bc4 gxf6 17. Rhe1 Be7 18. Bxe6 fxe6 19. Rxe6 Rg6 20.
Bxf6 Rxf6 21. Qxf6 Rc7 22. Rde1 Qc5 23. Qh8+ Kf7 24. Qxh7+ Ke8 25. Qg8+ Kd7 26.
Rd1+ 1-0

[Event "7. LGA Premium Cup"]
[Site "Nürnberg"]
[Date "2010.09.04"]
[Round "4.12"]
[White "Mainka, Romuald"]
[Black "Safyanowsky, Mark"]
[Result "1-0"]
[WhiteElo "2483"]
[BlackElo "2301"]
[PlyCount "75"]
[EventDate "2010.??.??"]
[WhiteTeam "Schachclub Hansa Dortmund e.V."]
[BlackTeam "SC Dillingen"]

1. e4 d5 2. exd5 Qxd5 3. Nc3 Qd6 4. d4 Nf6 5. Nf3 a6 6. g3 Bg4 7. Bg2 Nc6 8.
O-O e6 9. Ne2 Be7 10. h3 Bh5 11. c3 Nd5 12. c4 Nf6 13. Bf4 Qd8 14. g4 Bg6 15.
Ne5 Be4 16. Bxe4 Nxe4 17. Qa4 b5 18. Qc2 Nxe5 19. dxe5 Ng5 20. Kg2 h6 21. Rad1
Qb8 22. c5 b4 23. Nd4 Qb7+ 24. c6 Qb6 25. Nb3 O-O 26. Rd7 Rfe8 27. Be3 Qb8 28.
f4 Nh7 29. f5 Qb5 30. Bf4 exf5 31. gxf5 Bg5 32. Nd4 Qb6 33. e6 Re7 34. exf7+
Kh8 35. Ne6 Rxd7 36. cxd7 Qb7+ 37. Kh2 Be7 38. Qg2 1-0

[Event "7. LGA Premium Cup"]
[Site "Nürnberg"]
[Date "2010.09.04"]
[Round "4.13"]
[White "Schramm, Christian"]
[Black "Tischbierek, Raj"]
[Result "1/2-1/2"]
[WhiteElo "2322"]
[BlackElo "2451"]
[PlyCount "114"]
[EventDate "2010.??.??"]
[WhiteTeam "SC 1959 Obernau"]
[BlackTeam "FC Bayern München e.V."]

1. e4 c5 2. Nf3 Nc6 3. d4 cxd4 4. Nxd4 Nf6 5. Nc3 d6 6. Bc4 Bd7 7. O-O g6 8.
Be3 Ng4 9. Nxc6 bxc6 10. Bd4 e5 11. Be3 Qe7 12. Bd2 Bg7 13. Qe2 O-O 14. Rad1
Kh8 15. h3 Nf6 16. Bg5 Be6 17. Bb3 Qc7 18. Bxe6 fxe6 19. Qc4 Qd7 20. Rd3 Ne8
21. Rfd1 Rc8 22. Qa6 {(=)} d5 23. Na4 Nd6 24. Nc5 Qe8 25. Qxa7 Rf7 26. Qa5 Ra8
27. Qb4 Rb8 28. Qa4 Rxb2 29. Nxe6 Qxe6 30. exd5 cxd5 31. Rxd5 Ne8 32. Rd8 Rf8
33. Ra8 h6 34. Be3 Bf6 35. Bxh6 Rg8 36. Be3 Ng7 37. Ra6 Qf5 38. Qg4 Ne8 39. c4
Rc2 40. c5 Qxg4 41. hxg4 Be7 42. Re6 Bxc5 43. Rc6 Bxe3 44. Rxc2 Bd4 45. Rc8 Nf6
46. Rxg8+ Kxg8 47. Rd2 Kf7 48. Kf1 Nxg4 49. a4 Ke7 50. a5 Kd7 51. f4 Kc6 52.
fxe5 Bxe5 53. Ke2 Nf6 54. Kf3 Kb5 55. g4 g5 56. Rc2 Bd4 57. Rc7 Kxa5 1/2-1/2

[Event "7. LGA Premium Cup"]
[Site "Nürnberg"]
[Date "2010.09.04"]
[Round "4.14"]
[White "Hirneise, Tobias"]
[Black "Heinzel, Olaf"]
[Result "1-0"]
[WhiteElo "2436"]
[BlackElo "2324"]
[PlyCount "75"]
[EventDate "2010.??.??"]
[WhiteTeam "Schachverein Wattenscheid 1930"]
[BlackTeam "Schachclub Hansa Dortmund e.V."]

1. e4 d5 2. exd5 Qxd5 3. Nc3 Qd6 4. d4 Nf6 5. Nf3 c6 6. Ne5 Nbd7 7. Nc4 Qc7 8.
Qf3 Nb6 9. Bf4 Qd8 10. Be5 Be6 11. Ne3 Nfd5 12. Ne4 Nxe3 13. Qxe3 Nc4 14. Bxc4
Bxc4 15. b3 Bd5 16. O-O Bxe4 17. Qxe4 Qd5 18. Qe3 f6 19. Bg3 O-O-O 20. Qf4 Rd6
21. Rad1 e5 22. dxe5 fxe5 23. Qf5+ Qe6 24. Qxe5 Qxe5 25. Bxe5 Rxd1 26. Rxd1 Rg8
27. g3 g5 28. Kg2 Be7 29. f4 gxf4 30. Bxf4 Bf6 31. Kf3 Re8 32. g4 Bd8 33. g5
Ba5 34. h4 Re7 35. h5 Re8 36. Rd4 Re1 37. Re4 Rh1 38. g6 1-0

[Event "7. LGA Premium Cup"]
[Site "Nürnberg"]
[Date "2010.09.04"]
[Round "4.15"]
[White "Siedentopf, Daniel"]
[Black "Farago, Ivan"]
[Result "1/2-1/2"]
[WhiteElo "2240"]
[BlackElo "2420"]
[PlyCount "54"]
[EventDate "2010.??.??"]
[WhiteTeam "SG Grün-Weiß Dresden"]
[BlackTeam "SC Rottal"]

1. d4 Nf6 2. c4 e6 3. Nc3 Bb4 4. e3 c5 5. Nge2 b6 6. a3 Ba5 7. Rb1 Na6 8. f3
Bb7 9. e4 Nh5 10. g3 f5 11. Bg2 fxe4 12. O-O exf3 13. Bxf3 Bxf3 14. Rxf3 Bxc3
15. Nxc3 Nf6 16. Bf4 O-O 17. Bd6 Rf7 18. Qd3 Nc7 19. dxc5 Nce8 20. Rbf1 bxc5
21. Bxc5 d6 22. Be3 Rb8 23. b4 Rbb7 24. Nb5 a6 25. Nc3 Qc8 26. c5 dxc5 27. Bxc5
a5 1/2-1/2

[Event "7. LGA Premium Cup"]
[Site "Nürnberg"]
[Date "2010.09.04"]
[Round "4.16"]
[White "Lauer, Moritz"]
[Black "Zude, Erik"]
[Result "0-1"]
[WhiteElo "2298"]
[BlackElo "2406"]
[PlyCount "116"]
[EventDate "2010.??.??"]
[WhiteTeam "SV Puschendorf"]
[BlackTeam "SV 1920 Hofheim"]

1. e4 c5 2. Nf3 d6 3. d4 cxd4 4. Nxd4 Nf6 5. Nc3 a6 6. Be3 e5 7. Nb3 Be6 8. h3
Nbd7 9. Qf3 Rc8 10. O-O-O Rxc3 11. bxc3 Qc7 12. Kb2 Be7 13. Bd3 O-O 14. Qe2 Rc8
15. c4 b5 16. cxb5 axb5 17. Bxb5 Nxe4 18. c4 f5 19. Rc1 Bf6 20. g3 Ndc5 21.
Rhd1 Ra8 22. f3 Nxg3 23. Qe1 f4 24. Nxc5 dxc5 25. Bd2 e4+ 26. Bc3 Qa5 27. a4
Qb4+ 28. Kc2 Bxc3 29. Qxc3 Qxc3+ 30. Kxc3 Ne2+ 31. Kd2 Nxc1 32. Kxc1 Bxh3 33.
Bc6 Ra7 34. Bxe4 Rxa4 35. Bd5+ Kf8 36. Kb2 Ra7 37. Kb3 Bf5 38. Rh1 Ke7 39. Re1+
Kf6 40. Re8 h5 41. Rh8 g6 42. Re8 h4 43. Rf8+ Ke5 44. Rh8 h3 45. Kc3 Ra3+ 46.
Kb2 Rd3 47. Rh4 Rd1 48. Kc3 Rd3+ 49. Kb2 Rd2+ 50. Kb3 Rg2 51. Kc3 Kf6 52. Rh8
Re2 53. Rf8+ Kg7 54. Rf7+ Kh6 55. Rf8 Re7 56. Rh8+ Rh7 57. Re8 Kg5 58. Re1 Kh4
0-1

[Event "7. LGA Premium Cup"]
[Site "Nürnberg"]
[Date "2010.09.04"]
[Round "4.17"]
[White "Promyshlyanskiy, Vitaliy"]
[Black "Hector, Jonny"]
[Result "1/2-1/2"]
[WhiteElo "2237"]
[BlackElo "2592"]
[PlyCount "73"]
[EventDate "2010.??.??"]
[WhiteTeam "SC Noris-Tarrasch Nürnberg 1873"]
[BlackTeam "Schachklub Turm Emsdetten e.V."]

1. e4 e5 2. Nf3 Nc6 3. Bb5 a6 4. Ba4 Nf6 5. O-O Be7 6. Re1 d6 7. c3 Bg4 8. d3
Nd7 9. Nbd2 Nc5 10. Bc2 Ne6 11. Nf1 Ng5 12. Bxg5 Bxg5 13. h3 Bd7 14. Ng3 g6 15.
d4 Bh6 16. Bb3 O-O 17. a4 Qf6 18. Qd3 Rad8 19. Rad1 Na5 20. Bc2 b5 21. b4 Nc4
22. Ra1 Nb2 23. Qe2 Nxa4 24. Bxa4 bxa4 25. Qxa6 Ra8 26. Qd3 Rfd8 27. b5 c6 28.
b6 c5 29. b7 Rab8 30. Qa6 Qe7 31. dxc5 dxc5 32. Red1 Bf8 33. Rab1 f6 34. Nf1
Be8 35. Rxd8 Qxd8 36. Ne3 Kg7 37. Nd5 1/2-1/2

[Event "7. LGA Premium Cup"]
[Site "Nürnberg"]
[Date "2010.09.04"]
[Round "4.18"]
[White "Schuster, Karsten"]
[Black "Milov, Leonid"]
[Result "0-1"]
[WhiteElo "2226"]
[BlackElo "2561"]
[PlyCount "48"]
[EventDate "2010.??.??"]
[WhiteTeam "SC Gröbenzell"]
[BlackTeam "SC Noris-Tarrasch Nürnberg 1873"]

1. d4 Nf6 2. c4 c5 3. d5 a6 4. Nc3 b5 5. cxb5 axb5 6. Nxb5 e6 7. Nc3 exd5 8.
Nxd5 Nxd5 9. Qxd5 Nc6 10. Bd2 Be7 11. Bc3 O-O 12. e3 Bb7 13. Qd2 d5 14. Nf3 d4
15. exd4 cxd4 16. Nxd4 Bg5 17. f4 Bh4+ 18. g3 Nxd4 19. Qxd4 Qe8+ 20. Kf2 Bf6
21. Qb6 Bxh1 22. Bxf6 Rb8 23. Qd4 gxf6 24. Bd3 Qd8 0-1

[Event "7. LGA Premium Cup"]
[Site "Nürnberg"]
[Date "2010.09.04"]
[Round "4.19"]
[White "Rau, Hannes"]
[Black "Kordts, Wolfgang"]
[Result "1-0"]
[WhiteElo "2464"]
[BlackElo "2237"]
[PlyCount "59"]
[EventDate "2010.??.??"]
[WhiteTeam "SV Hockenheim"]
[BlackTeam "SC Postbauer-Heng e.V"]

1. d4 Nf6 2. c4 e6 3. Nc3 Bb4 4. Qc2 d5 5. cxd5 exd5 6. Bg5 c5 7. e3 h6 8. Bh4
Nbd7 9. Nf3 Qa5 10. Bd3 c4 11. Bf5 O-O 12. O-O Bxc3 13. bxc3 Re8 14. Nd2 a6 15.
Rab1 Rb8 16. Bg3 Ra8 17. Bh4 Rb8 18. e4 Nxe4 19. Nxe4 dxe4 20. Bxe4 Nb6 21. Bg3
Ra8 22. d5 Bd7 23. f3 Rac8 24. Bf2 Na4 {(=)} 25. Bd4 Nc5 26. Qf2 Nd3 27. Qg3 g6
28. d6 Rc5 29. Bxc5 Nxc5 30. Bxg6 1-0